000 02170cam a22004934i 4500
003 PE-LiUPU
005 20250731173112.0
008 181227s2018 miu r 001 0 eng d
020 _a0310536545
020 _a9780310536543
035 _a(Sirsi) a251198
040 _aPE-LiUPU
_bspa
_cPE-LiUPU
_erda
049 _aPRUA
082 0 4 _a232
_bH94
_223
100 1 _aHunter, Trent,
_d1981-,
_eautor.
245 1 0 _aChrist from beginning to end :
_bhow the full story of scripture reveals the full glory of Christ /
_cTrent Hunter and Stephen Wellum.
264 1 _aGrand Rapids :
_bZondervan,
_c[2018].
300 _a279 páginas ;
_c22 centímetros
336 _atext
_2rdacontent
337 _aunmediated
_2rdamedia
338 _avolume
_2rdacarrier
504 _aÍndice: páginas 273-279.
505 0 _aOpening the Book -- What is the Bible? -- Looking Down: the close context -- Looking Back: the continuing context -- Looking Ahead: the complete context -- Reading the Story -- Creation: a garden full of God's glory --Fall: a da y full of death -- Redemption: a story full of promise -- Noah: a boat full of life -- Abraham: a sky full of stars -- Moses: a mountain full of smoke -- David: a throne full of hope -- The Prophets: a message full of tension -- Jesus: a cup full of blood -- Church: a people full of the Spirit -- New Creation: a world full of God's glory -- Conclusion: Finding Our Story in His.
526 _aSEG42
526 _aSEG41
526 _aSEG40
526 _aSEG39
526 _aP94
526 _aP87
526 _aP86
526 _aP85
526 _aP77
526 _aP76
526 _aP35
650 4 _aEnseñanza bíblica.
650 4 _aCristología.
700 1 _aWellum, Stephen J.,
_d1964-,
_eautor.
910 _adbm
_brri
_crri
_d20181227
942 _2ddc
_cBOOK
994 _aC0
_bPEPRU
596 _a1
999 _a232 H94
_wDEWEY
_c30626
_i79390
_f2021-11-10
_g4
_lCCODEBUL1
_mBUL
_p13.79
_r0
_sY
_tBOOK
_u2018-12-27
_xTEOLOGIA
_PP85
_0COMPRA
_1FCOMPR2
_o.STAFF. Colección Teología
_d30626
980 _81
_gALBERTO SANCHEZ Responsable de Automatización